NLSUI OPAC header image

Value, distribution, and capital : (Record no. 40789)

MARC details
000 -LEADER
fixed length control field 02503cam a2200241 a 4500
005 - DATE AND TIME OF LATEST TRANSACTION
control field 20260423175428.0
008 - FIXED-LENGTH DATA ELEMENTS--GENERAL INFORMATION
fixed length control field 980617s1999 enka b 011 0 eng
020 ## - INTERNATIONAL STANDARD BOOK NUMBER
International Standard Book Number 9781138006959 (pbk)
082 ## - DEWEY DECIMAL CLASSIFICATION NUMBER
Classification number 330.153 MON
245 00 - TITLE STATEMENT
Title Value, distribution, and capital :
Remainder of title essays in honour of Pierangelo Garegnani /
Statement of responsibility, etc. edited by Gary Mongiovi and Fabio Petri
260 ## - PUBLICATION, DISTRIBUTION, ETC.
Place of publication, distribution, etc. New York :
Name of publisher, distributor, etc. Routledge,
Date of publication, distribution, etc. 1999.
300 ## - PHYSICAL DESCRIPTION
Extent xi, 364 p. :
Dimensions 24 cm.
365 ## - TRADE PRICE
Price amount Rs. 2784.00
440 #0 - SERIES STATEMENT/ADDED ENTRY--TITLE
Title Routledge frontiers of political economy ;
Volume/sequential designation 12
505 ## - FORMATTED CONTENTS NOTE
Formatted contents note 1. Introduction Gary Mongiovi-<br/>Part 1. The Critique of Neoclassical Theory-<br/>2. Professor Hahn on the 'Neo-Ricardian' Criticism of Neo Classical Economics Fabio Petri-<br/>3. Classical and Neoclassical Short-Run Prices: A Comparative Analysis of Their Intended Empirical Content Roberto Ciccone-<br/>4. Some Deficiencies of Walrasian General Equilibrium John Eatwell and Murray Milgate-<br/>Part 2. Classical Political Economy and Its Relation to Marginalism -<br/>5. From Utilitarianism to Marginal Utility Alessandro Roncaglia-<br/>6. Jacques Savary and the Commerical Knowledge of Commodities Bertram Schefold-<br/>7. From Classical Rent Theory to Marginal Productivity Theory: The Works of F.B. Hermanna and J.H. von Thunen Heinz D. Kurz-<br/>8. Social Accounting in Adam Smith Fernando Vianello-<br/>9. The Notion of Subsistence Wage in Pre-Smithian Classical Political Economy Tony Aspromourgos and Peter Groenewegen-<br/>10. Ricardo and the Wages Fund Antonella Stirati-<br/>11. The Special Thing I learned from Sraff Paul A. Samuelson-<br/>Part 3. Accumulation and Technical Change in the Light of the Surplus Approach-<br/> 12. New and Old Neoclassical Growth Theory: A Critical Assessment Sergio Cesaratto-<br/>13. Wicksell after Sraffa: 'Capital Arbitrage' and 'Normal' Rates of Growth, Interest and Profits Edward J. Nell-<br/> Part 4 Issues in the Theory Production-<br/>14. Transferable Machines with Uniform Efficiency Paths Neri Salvadori^n-<br/>15. Vertical Integration and 'Reduction to Dated Quantities of Labour Ian Steedman Part 5. The Surplus Approach and Economic Policy-<br/>16. High Public Debt and Inflation: On the Disciplinary View of EMU Massimo Pivetti-<br/>17. The Government Sector in Post Keynesian Theory of Growth and Personal Distribution Carlo Panico-<br/>Index.<br/>
650 #0 - SUBJECT ADDED ENTRY--TOPICAL TERM
Topical term or geographic name entry element Value.
650 #0 - SUBJECT ADDED ENTRY--TOPICAL TERM
Topical term or geographic name entry element Distribution (Economic theory)
650 #0 - SUBJECT ADDED ENTRY--TOPICAL TERM
Topical term or geographic name entry element Capital.
650 #0 - SUBJECT ADDED ENTRY--TOPICAL TERM
Topical term or geographic name entry element Classical school of economics.
700 1# - ADDED ENTRY--PERSONAL NAME
Personal name Mongiovi, Gary.
700 1# - ADDED ENTRY--PERSONAL NAME
Personal name Petri, Fabio.
942 ## - ADDED ENTRY ELEMENTS (KOHA)
Source of classification or shelving scheme Dewey Decimal Classification
Koha item type BOOKs
Holdings
Withdrawn status Lost status Damaged status Not for loan Home library Current library Shelving location Date acquired Cost, normal purchase price Total Checkouts Full call number Barcode Date last seen Price effective from Koha item type
        . . General Stacks 30.05.2017 2784.00   330.153 MON 34406 30.05.2017 30.05.2017 BOOKs